Quantum information and computing (Record no. 120157)
[ view plain ]
| 000 -LEADER | |
|---|---|
| fixed length control field | 01483nam a22003374a 4500 |
| 245 00 - TITLE STATEMENT | |
| Title | Quantum information and computing |
| 260 ## - PUBLICATION, DISTRIBUTION, ETC. (IMPRINT) | |
| Place of publication | Singapore ; |
| -- | Hackensack, N.J. : |
| Name of publisher | World Scientific, |
| Year of publication | c2006. |
| 300 ## - PHYSICAL DESCRIPTION | |
| Number of Pages | ix, 384 p. : |
| Other physical details | ill. |
| 490 1# - SERIES STATEMENT | |
| Series statement | QP-PQ, quantum probability and white noise analysis ; |
| 500 ## - GENERAL NOTE | |
| General note | Papers presented at the international conference on "Quantum Information 2003" held at various locations in Japan. |
| 650 #0 - SUBJECT ADDED ENTRY--TOPICAL TERM | |
| Topical Term | Quantum computers |
| Topical Term | Quantum theory |
| 700 1# - ADDED ENTRY--PERSONAL NAME | |
| Personal name | Accardi, L. |
| Personal name | Ohya, Masanori, |
| Personal name | Watanabe, N. |
| 856 40 - ELECTRONIC LOCATION AND ACCESS | |
| Uniform Resource Identifier | http://site.ebrary.com/lib/rucke/Doc?id=10201448 |
No items available.
